Collecting, handling and planting of propagation materials of para rubber Hevea brasiliensis (Record no. 55841)

MARC details
000 -LEADER
fixed length control field 00362nam a2200121Ia 4500
245 #0 - TITLE STATEMENT
Title Collecting, handling and planting of propagation materials of para rubber Hevea brasiliensis
260 ## - PUBLICATION, DISTRIBUTION, ETC. (IMPRINT)
Name of publisher Planters Bulletin
Year of publication 1974
300 ## - PHYSICAL DESCRIPTION
Number of Pages 98-103
650 ## - SUBJECT ADDED ENTRY--TOPICAL TERM
Topical Term Hevea brasiliensis
650 ## - SUBJECT ADDED ENTRY--TOPICAL TERM
Topical Term Para rubber
942 ## - ADDED ENTRY ELEMENTS (KOHA)
Koha item type Journals
Holdings
Withdrawn status Lost status Damaged status Not for loan Home library Current library Shelving location Date acquired Serial Enumeration / chronology Koha item type
      Journals RRII Library RRII Library Botany 17/12/2021 Volume 132, Issue Journals